[Kurze Erklärung über zwey Astronomische Karten von der Sonnen- oder Erd-Finsternis den 25. Julius 1748. zu derselben deutlicher Einsicht und bequemen gebrauch bey künfftiger Wahrnehmung dieser Himmels-Begebenheit denenjenigen zu Liebe, die der Astronomie nicht kundig sind / aufgesetzet von dem Verzeichner Georg Moriz Lowiz Math. Cult. der Geographischen Gesellschafft Mitglied]
| Main Author: | Lowitz, Georg Moriz, 1722-1774 |
|---|---|
| Language: | German |
| Published: |
[Nürnberg : In Homännischen Verlag, 1748] |
| Online Access: |
Digitalizovaný dokument
Digitalizovaný dokument Digitalizovaný dokument Digitalizovaný dokument Digitalizovaný dokument Digitalizovaný dokument Digitalizovaný dokument Digitalizovaný dokument |
| Physical Description: |
1 grafický list : tisk ; 44,5 x 35,5 cm |
| LEADER | 02473nkm a2200457 a 4500 | ||
|---|---|---|---|
| 001 | mzk03001053309 | ||
| 003 | CZ BrMZK | ||
| 005 | 20110207150939.0 | ||
| 007 | kj bo| | ||
| 008 | 070813s1748 gw ||| f || k|gerod | ||
| 040 | |a BOA001 |b cze | ||
| 072 | 7 | |a 76 |x Grafické umění. Grafika |2 Konspekt |9 21 | |
| 080 | |a (0.026.6)76 |2 MRF | ||
| 080 | |a 912.43:069.5 |2 MRF | ||
| 100 | 1 | |a Lowitz, Georg Moriz, |d 1722-1774 |7 mzk2008453573 |4 aut | |
| 245 | 1 | 0 | |a [Kurze Erklärung über zwey Astronomische Karten |h [grafika] : |b von der Sonnen- oder Erd-Finsternis den 25. Julius 1748. zu derselben deutlicher Einsicht und bequemen gebrauch bey künfftiger Wahrnehmung dieser Himmels-Begebenheit denenjenigen zu Liebe, die der Astronomie nicht kundig sind / |n aufgesetzet von dem Verzeichner Georg Moriz Lowiz Math. Cult. der Geographischen Gesellschafft Mitglied] |
| 260 | |a [Nürnberg : |b In Homännischen Verlag, |c 1748] | ||
| 300 | |a 1 grafický list : |b tisk ; |c 44,5 x 35,5 cm | ||
| 500 | |a Druhá část textu (celkem 3 listy): strany 17-24 | ||
| 500 | |a Komentář k mapám uloženým pod signaturami Moll-0003.537 a Moll-0003.538 (3. část tiskového archu s doprovodným textem) | ||
| 510 | 3 | |a www(Ryhiner Map Collection) | |
| 510 | 4 | |a Kuchař, K. Mapová sbírka B.P. Molla, |c s. 336 | |
| 655 | 7 | |a grafické listy |7 fd132404 |2 czenas | |
| 650 | 0 | 4 | |a Mollova mapová sbírka |
| 650 | 0 | 7 | |a mapové sbírky |z Česko |7 ph182407 |2 czenas |
| 610 | 2 | 7 | |a Moravská zemská knihovna (Brno, Česko). |b Mapová sbírka B.P. Molla |7 mzk2005304487 |2 czenas |
| 856 | 4 | 1 | |u http://mapy.mzk.cz/mzk03/001/053/309/2619316811_01 |y Digitalizovaný dokument |
| 856 | 4 | 1 | |u http://mapy.mzk.cz/mzk03/001/053/309/2619316811_02 |y Digitalizovaný dokument |
| 856 | 4 | 1 | |u http://mapy.mzk.cz/mzk03/001/053/309/2619316811_03 |y Digitalizovaný dokument |
| 856 | 4 | 1 | |u http://mapy.mzk.cz/mzk03/001/053/309/2619316811_04 |y Digitalizovaný dokument |
| 856 | 4 | 1 | |u http://mapy.mzk.cz/mzk03/001/053/309/2619316811_05 |y Digitalizovaný dokument |
| 856 | 4 | 1 | |u http://mapy.mzk.cz/mzk03/001/053/309/2619316811_06 |y Digitalizovaný dokument |
| 856 | 4 | 1 | |u http://mapy.mzk.cz/mzk03/001/053/309/2619316811_07 |y Digitalizovaný dokument |
| 856 | 4 | 1 | |u http://mapy.mzk.cz/mzk03/001/053/309/2619316811_08 |y Digitalizovaný dokument |
| 903 | |a RP | ||
| 910 | |a BOA001 |b Moll-0003.539,3 | ||
| 978 | |b Homann, Johann Baptista |a Nürnberg |c 1748 | ||
| 984 | |a Norimberk |b Německo | ||
| 985 | |a 1701-1750 | ||
| 990 | |a GP | ||
| 991 | |k mzk | ||
English
Čeština 